Persons: Theories and perceptions (Record no. 210363)

MARC details
000 -LEADER
fixed length control field 00373nam a2200157Ia 4500
008 - FIXED-LENGTH DATA ELEMENTS--GENERAL INFORMATION
fixed length control field 230917s9999||||xx |||||||||||||| ||und||
020 ## - ISBN
Price FL30
040 ## - CATALOGING SOURCE
-- 6971
Original cataloging agency VIVEKANANDA LIBRARY
041 ## - Language
-- English
082 ## - DDC NUMBER
Classification number 153.7 P22P
100 ## - MAIN ENTRY--PERSONAL NAME
Personal name Park, Desiree
245 #0 - TITLE STATEMENT
Title Persons: Theories and perceptions
260 ## - PUBLICATION, DISTRIBUTION, ETC. (IMPRINT)
Place of publication, distribution, etc The Hauge
Name of publisher, distributor, etc Martinus
Date of publication, distribution, etc 1973
300 ## - PHYSICAL DESCRIPTION
Pages 131 p.
942 ## - ADDED ENTRY ELEMENTS (KOHA)
Koha item type Books
Holdings
Withdrawn status Lost status Damaged status Not for loan Location (home branch) Sublocation or collection (holding branch) Date acquired Koha issues (times borrowed) Koha full call number Accession No. Koha date last seen Koha item type
        VIVEKANANDA LIBRARY VIVEKANANDA LIBRARY 28/08/2002   153.7 P22P 72947 17/09/2023 Books
© Designed and Maintained by Vivekananda Library, MDU Rohtak